Abbreviations Part 2 - Statistics

General Stats
  • This quiz has been taken 31 times
  • The average score is 12 of 15
Answer Stats
Abbreviation Phrase % Correct
OMG Oh My God
100%
WTH What The Hell
100%
ASAP As Soon As Possible
97%
WTF What The Fuck
97%
BFF Best Friends Forever
93%
GF Girlfriend
93%
IDC I Don’t Care
90%
VIP Very Important Person
90%
FAQ Frequently Asked Questions
87%
JK Just Kidding
80%
ETC Et Cetera
73%
IMO In My Opinion
70%
FOMO Fear Of Missing Out
63%
HB Homeboy
23%
HN Hell No
13%
No matching quizzes found
Score Distribution
Percent of People with Each Score
Percentile by Number Answered
Your Score History
You have not taken this quiz